INFORMATION AND KNOWLEDGE DISSEMINATION/ (Record no. 201031)
[ view plain ]
| 000 -LEADER | |
|---|---|
| fixed length control field | 00973nam a22002537a 4500 |
| 005 - DATE AND TIME OF LATEST TRANSACTION | |
| control field | 20240307173931.0 |
| 010 ## - LCCN (DPL NO) | |
| LC control number | ENG139424 |
| 020 ## - INTERNATIONAL STANDARD BOOK NUMBER | |
| International Standard Book Number | 9788184247657 |
| Terms of availability | 750.00 |
| 035 ## - SYSTEM CONTROL NUMBER | |
| System control number | EN-122956 |
| 037 ## - SOURCE OF ACQUISITION | |
| Source of stock number/acquisition | DBAD/PUB |
| 245 ## - TITLE STATEMENT | |
| Title | INFORMATION AND KNOWLEDGE DISSEMINATION/ |
| Statement of responsibility, etc | By Chandana Patra...[et.al] |
| 260 ## - PUBLICATION, DISTRIBUTION, ETC. (IMPRINT) | |
| Place of publication, distribution, etc | New Delhi |
| Name of publisher, distributor, etc | ALLIED PUBLISHERS PVT.LTD |
| Date of publication, distribution, etc | 2012 |
| 270 ## - ADDRESS | |
| Address | A-104 MAYAPURI PHASE2 |
| City | New Delhi |
| Postal code | 110064 |
| 300 ## - PHYSICAL DESCRIPTION | |
| Extent | 482p. |
| Dimensions | 24cm(Pb) |
| 500 ## - GENERAL NOTE | |
| General note | Facts and Concepts from Latest Editions of Park 22nd 2013 Leon Gordis Epidemiology 4th, Harrison 18th, CMDT 2014 & Mahajan Biostatistics 7th |
| 700 ## - ADDED ENTRY--PERSONAL NAME | |
| Personal name | Patra, Chandana |
| Relator term | Editor |
| 9 (RLIN) | 62476 |
| 700 ## - ADDED ENTRY--PERSONAL NAME | |
| Personal name | Chaudhuri,Bidhan |
| Relator term | Editor |
| 9 (RLIN) | 62477 |
| 700 ## - ADDED ENTRY--PERSONAL NAME | |
| Personal name | Mandal,B.R. |
| Relator term | Editor |
| 9 (RLIN) | 62478 |
| 700 ## - ADDED ENTRY--PERSONAL NAME | |
| Personal name | Podder,Ashoke Kumar |
| Relator term | Editor |
| 9 (RLIN) | 62479 |
| 700 ## - ADDED ENTRY--PERSONAL NAME | |
| Personal name | Ghosh,Bula |
| Relator term | Editor |
| 9 (RLIN) | 62480 |
| 700 ## - ADDED ENTRY--PERSONAL NAME | |
| Personal name | Lahiri,Subhra |
| Relator term | Editor |
| 9 (RLIN) | 62481 |
| 700 ## - ADDED ENTRY--PERSONAL NAME | |
| Personal name | Dutta,Namita |
| Relator term | Editor |
| 9 (RLIN) | 62482 |
| 942 ## - ADDED ENTRY ELEMENTS (KOHA) | |
| Source of classification or shelving scheme | Dewey Decimal Classification |
| Item type | English Books |
| Classification part | 655.5 |
| Call number suffix | Inf |
| Withdrawn status | Lost status | Not for loan | Collection code | Home library | Current library | Date acquired | Source of acquisition | Cost, normal purchase price | Full call number | Barcode | Copy number | Cost, replacement price | Koha item type |
|---|---|---|---|---|---|---|---|---|---|---|---|---|---|
| Non-fiction | Peshwa Road | Peshwa Road | 26/02/2024 | DBAD/PUB | 750.00 | 655.5 INF | EN-122956 | 1 | 750.00 | English Books |
